the door in the wall (Record no. 8480)
[ view plain ]
| 000 -LEADER | |
|---|---|
| fixed length control field | 01103nam a22001937a 4500 |
| 003 - CONTROL NUMBER IDENTIFIER | |
| control field | OSt |
| 005 - DATE AND TIME OF LATEST TRANSACTION | |
| control field | 20260220085647.0 |
| 008 - FIXED-LENGTH DATA ELEMENTS--GENERAL INFORMATION | |
| fixed length control field | 260220b |||||||| |||| 00| 0 eng d |
| 040 ## - CATALOGING SOURCE | |
| Original cataloging agency | DWCL GS library |
| Transcribing agency | OC |
| 082 ## - DEWEY DECIMAL CLASSIFICATION NUMBER | |
| Classification number | Fic. D341d 1989 |
| 100 ## - MAIN ENTRY--PERSONAL NAME | |
| Personal name | Angeli, Marguerite De |
| 245 ## - TITLE STATEMENT | |
| Title | the door in the wall |
| Remainder of title | Marguerite De Angeli |
| 260 ## - PUBLICATION, DISTRIBUTION, ETC. | |
| Place of publication, distribution, etc. | New York |
| Name of publisher, distributor, etc. | Doubleday dell publishing group Inc. |
| Date of publication, distribution, etc. | c1949 |
| 300 ## - PHYSICAL DESCRIPTION | |
| Extent | 120 |
| Other physical details | illustrations |
| Dimensions | 20cm |
| 520 ## - SUMMARY, ETC. | |
| Summary, etc. | Set in 14th-century England, The Door in the Wall by Marguerite de Angeli is a Newbery Medal-winning historical novel about Robin de Bureford, a young nobleman who must find his own "door in the wall" after a sudden illness leaves his legs paralyzed. Robin learns soon enough what brother luke means. And when the great castle of lindsay is in danger, it is Robin, who cannot mount a hourse and ride to battle, who saves the towns people and discovers that there is more than one way to serve his king. |
| 546 ## - LANGUAGE NOTE | |
| Language note | English |
| 700 ## - ADDED ENTRY--PERSONAL NAME | |
| Personal name | Marguerite De Angeli |
| 942 ## - ADDED ENTRY ELEMENTS (KOHA) | |
| Source of classification or shelving scheme | Dewey Decimal Classification |
| Koha item type | Fiction |
| Classification part | Fic. D341d 1989 |
| Suppress in OPAC | No |
| 952 ## - LOCATION AND ITEM INFORMATION (KOHA) | |
| -- | |
| Withdrawn status | Lost status | Source of classification or shelving scheme | Damaged status | Not for loan | Home library | Current library | Shelving location | Date acquired | Source of acquisition | Total Checkouts | Full call number | Barcode | Date last seen | Price effective from | Koha item type | Uniform Resource Identifier |
|---|---|---|---|---|---|---|---|---|---|---|---|---|---|---|---|---|
| Dewey Decimal Classification | Grade School Library | College Library | Fiction | 02/20/2026 | School Fund, Donation | Fic. D341d 1989 | 8125 | 02/20/2026 | 02/20/2026 | FIC. |